000 00281nam a22001337a 4500
008 170930b xxu||||| |||| 00| 0 eng d
020 _a9780312090203
041 _aeng
080 _a37
100 _a47
101 _aEDU
245 _aSIGNS OF LIFE
_cMAASIK, S
942 _2udc
_cBK
999 _c30900
_d30900